Montgometry's auditing (Record no. 360)
| 000 -LEADER | |
|---|---|
| fixed length control field | 00655nam a22002417a 4500 |
| 003 - CONTROL NUMBER IDENTIFIER | |
| control field | OSt |
| 005 - DATE AND TIME OF LATEST TRANSACTION | |
| control field | 20140116120825.0 |
| 008 - FIXED-LENGTH DATA ELEMENTS--GENERAL INFORMATION | |
| fixed length control field | 111018t xxu||||| |||| 00| 0 eng d |
| 020 ## - INTERNATIONAL STANDARD BOOK NUMBER | |
| International Standard Book Number | 9780471346050 |
| 040 ## - CATALOGING SOURCE | |
| Transcribing agency | DLC |
| 050 ## - LIBRARY OF CONGRESS CALL NUMBER | |
| Classification number | HF5667.M66 1999 |
| 245 ## - TITLE STATEMENT | |
| Title | Montgometry's auditing |
| Statement of responsibility, etc | Vincent M. O'Reilly ... [et al.] |
| 250 ## - EDITION STATEMENT | |
| Edition statement | 12th ed. |
| 260 ## - PUBLICATION, DISTRIBUTION, ETC. (IMPRINT) | |
| Place of publication, distribution, etc | New York : |
| Name of publisher, distributor, etc | John Wiley & Sons Inc , |
| Date of publication, distribution, etc | 1999 . |
| 300 ## - PHYSICAL DESCRIPTION | |
| Extent | xxvi, 694 p. : |
| Other physical details | ill. |
| 500 ## - GENERAL NOTE | |
| General note | Includes index |
| 650 ## - SUBJECT ADDED ENTRY--TOPICAL TERM | |
| Topical term or geographic name as entry element | Auditing |
| 700 ## - ADDED ENTRY--PERSONAL NAME | |
| Personal name | O'Reilly, Vincent M. |
| 700 ## - ADDED ENTRY--PERSONAL NAME | |
| Personal name | Winograd, Barry N. |
| 700 ## - ADDED ENTRY--PERSONAL NAME | |
| Personal name | Gerson, James S. |
| 700 ## - ADDED ENTRY--PERSONAL NAME | |
| Personal name | Jaenicke, Henry R. |
| 942 ## - ADDED ENTRY ELEMENTS (KOHA) | |
| Source of classification or shelving scheme | |
| Koha item type | Book |
| Withdrawn status | Lost status | Source of classification or shelving scheme | Damaged status | Not for loan | Home library | Current library | Shelving location | Date acquired | Source of acquisition | Total Checkouts | Full call number | Barcode | Date last seen | Copy number | Price effective from | Koha item type |
|---|---|---|---|---|---|---|---|---|---|---|---|---|---|---|---|---|
| Riara University Library | Riara University Library | General stack | 18/10/2011 | Purchase | HF5667.M66 1999 | 2096/11 | 18/10/2011 | C.1 | 18/10/2011 | Book | ||||||
| Riara University Library | Riara University Library | General stack | 18/10/2011 | Purchase | HF5667.M66 1999 | 2056/11 | 18/10/2011 | C.2 | 18/10/2011 | Book | ||||||
| Riara University Library | Riara University Library | General stack | 18/10/2011 | Purchase | HF5667.M66 1999 | 2057/11 | 18/10/2011 | C.3 | 18/10/2011 | Book |
